| 000 | 00364nam a2200133Ia 4500 | ||
|---|---|---|---|
| 008 | 240719s9999 xx 000 0 und d | ||
| 041 | _aeng | ||
| 082 | _a828 RAD | ||
| 100 | _aRadhakrishnan, S | ||
| 245 | _aThe Principal Upanisads | ||
| 260 |
_aNew Delhi _bHarper Collins _c2011 |
||
| 300 | _a958 , P. , 22 : Cm. | ||
| 520 | _aGifted By : IMT Faculty Dr. Pawan Jain | ||
| 999 |
_c41291 _d41291 |
||